|
|
|
|
| LEADER |
00760nab a2200229 i 4500 |
| 001 |
misc66227 |
| 005 |
20220916145139.0 |
| 008 |
220411s1909 hu o 0|| ger d |
| 040 |
|
|
|a SZTE Miscellanea Repozitórium
|b hun
|
| 041 |
|
|
|a ger
|
| 100 |
1 |
|
|a Hartmann Martin
|
| 245 |
1 |
4 |
|a Die Frau im Islam
|h [elektronikus dokumentum] /
|c Hartmann Martin
|
| 260 |
|
|
|a Gebauer-Schwetschke
|b Halle a. S.
|c 1909
|
| 300 |
|
|
|a 34 p.
|c 24 cm
|
| 561 |
|
|
|a Németh Gyula hagyaték
|
| 591 |
|
|
|a NOZ 2229
|
| 650 |
|
4 |
|a Társadalomtudományok
|
| 650 |
|
4 |
|a Szociológia
|
| 650 |
|
4 |
|a Bölcsészettudományok
|
| 650 |
|
4 |
|a Filozófia, etika és vallástudományok
|
| 695 |
|
|
|a Nők szerepe - iszlám
|
| 856 |
4 |
0 |
|u http://misc.bibl.u-szeged.hu/66227/1/2229_noz_h38.pdf
|z Dokumentum-elérés
|